A concise glossary of contemporary literary theory/ (Record no. 8844)
[ view plain ]
| 000 -LEADER | |
|---|---|
| fixed length control field | 00517nam a2200157 4500 |
| 008 - FIXED-LENGTH DATA ELEMENTS--GENERAL INFORMATION | |
| fixed length control field | 151014b xxu||||| |||| 00| 0 eng d |
| 020 ## - INTERNATIONAL STANDARD BOOK NUMBER | |
| International Standard Book Number | 0340601876 |
| 050 ## - LIBRARY OF CONGRESS CALL NUMBER | |
| Classification number | PN 445 .H39 1994 |
| 100 ## - MAIN ENTRY--PERSONAL NAME | |
| Personal name | Hawthorn, Jeremy. |
| Dates associated with a name | 1994. |
| 245 ## - TITLE STATEMENT | |
| Title | A concise glossary of contemporary literary theory/ |
| Statement of responsibility, etc. | Jeremy Hawthorn.- |
| 250 ## - EDITION STATEMENT | |
| Edition statement | 2nd ed.: |
| 260 ## - PUBLICATION, DISTRIBUTION, ETC. (IMPRINT) | |
| Place of publication, distribution, etc. | London; |
| Name of publisher, distributor, etc. | Arnold, |
| Date of publication, distribution, etc. | 1994. |
| 300 ## - PHYSICAL DESCRIPTION | |
| Extent | xii, 241 p. |
| Other physical details | Includes bibliographical references. |
| 650 ## - SUBJECT ADDED ENTRY--TOPICAL TERM | |
| Topical term or geographic name as entry element | Literature. |
| 942 ## - ADDED ENTRY ELEMENTS (KOHA) | |
| Source of classification or shelving scheme | |
| Koha item type | Hard Covered Materials |
| Classification part | PN 445 .H39 1994 |
| Koha issues (borrowed), all copies | 2 |
| Withdrawn status | Lost status | Source of classification or shelving scheme | Damaged status | Not for loan | Home library | Current library | Date acquired | Source of acquisition | Total Checkouts | Full call number | Barcode | Date last seen | Date last checked out | Price effective from | Koha item type |
|---|---|---|---|---|---|---|---|---|---|---|---|---|---|---|---|
| MACHAKOS UNIVERSITY LIBRARY | MACHAKOS UNIVERSITY LIBRARY | 14/10/2015 | Donation(B.F.A) | 3 | PN 445 .H39 1994 | 15263 | 02/06/2022 | 19/05/2022 | 14/10/2015 | Hard Covered Materials |